| 000 | 00726nam a22002770a 4500 | ||
|---|---|---|---|
| 001 | PT60917 | ||
| 003 | AR-LpoUNG | ||
| 005 | 20210131232017.0 | ||
| 008 | 191001s2007||||mx |||||||||||||||||spa d | ||
| 020 |
_a968593858X _c$7.50 |
||
| 040 |
_aAR-LpoUNG _bspa _cAR-LpoUNG _eaacr |
||
| 041 | _aspa | ||
| 044 | _amx | ||
| 082 | 0 | _a808.068 3 574sim | |
| 245 | 1 | 0 | _aSimbad el marino |
| 250 | _a1ra. ed. | ||
| 260 |
_aTepetlacalco : _bSigno Editorial, _c2007. |
||
| 300 |
_a94 p. : _bil. |
||
| 505 | 0 | _aSugerido a partir de 12 aƱos (etiqueta FUCSIA) | |
| 650 | 4 | _aCUENTOS | |
| 650 | 4 | _aLITERATURA | |
| 653 | _aLITERATURA INFANTOJUVENIL | ||
| 710 | 2 | _aSigno Editorial (Tepetlacalco) | |
| 905 | _a60917 | ||
| 942 | _cLIB | ||
| 999 |
_c13211 _d13211 |
||